| 000 | 00749nam a22002177a 4500 | ||
|---|---|---|---|
| 005 | 20120903151622.0 | ||
| 010 | _aG-002133 | ||
| 020 |
_a9780670057719 _c395.00 |
||
| 035 | _aG-002133 | ||
| 037 |
_adpl _bGift |
||
| 082 | _a327.73054 | ||
| 100 |
_aPeters, Thomas J. _951974 |
||
| 245 |
_aEngaging India: _bdiplomacy, democracy and the bomb/ _cby Strobe, Talbott |
||
| 260 |
_aLondon _bPenguin Books _c2004 |
||
| 270 |
_a80 Strand _bLondon |
||
| 300 |
_a268p. _c23cm(pbk) |
||
| 500 | _aIt includes Index. | ||
| 942 |
_2ddc _cEN _h327.73054 _mSTR |
||
| 999 |
_c69684 _d69684 |
||